|
|
|
|
| LEADER |
00000nam a22000007a 4500 |
| 008 |
210121b ||||| |||| 00| 0 eng d |
| 020 |
|
|
|a 978-1-4739-8929-0
|
| 100 |
|
|
|a GOLIGHTLEY, Malcolm.
|
| 245 |
|
|
|a Social work and mental health
|c Malcolm Golightley, Robert Goemans
|e (Transforming social work practice)
|g xvi, 303p.: ill.
|
| 250 |
|
|
|b 6th ed.
|
| 260 |
|
|
|b SAGE
|c 2017
|h London
|i 692593
|i 692594
|l HV689 .G58
|m Psychiatric social work.
|m Mental disorders – Great Britain.
|
| 500 |
|
|
|a “It includes bibliography and index.”
|
| 942 |
|
|
|a lcc
|c BK
|e Adeniran, F. A
|f 21/01/2021
|
| 952 |
|
|
|0 0
|1 0
|2 lcc
|4 0
|6 HV0689 G58
|7 0
|9 1397
|a HOL
|b HOL
|c GJ
|d 2021-01-21
|l 0
|o HV689 .G58
|p 2021-0200
|r 2021-01-21 00:00:00
|w 2021-01-21
|y BK
|
| 952 |
|
|
|0 0
|1 0
|2 lcc
|4 0
|6 HV0689 G58
|7 0
|9 1398
|a HOL
|b SSL
|c GJ
|d 2021-01-21
|l 0
|o HV689 .G58
|p 2021-0201
|r 2021-01-21 00:00:00
|w 2021-01-21
|y BK
|
| 999 |
|
|
|c 729
|d 729
|